Dependence of Unemployment Change on Selected Economic Factors: Panel Data Evidence

Guardado en:
Detalles Bibliográficos
Autor principal: Kubák, Matúš
Otros Autores: Bosáková, Lucia, Fišar, Miloš, Hajduová, Zuzana, 1974-, Timurová, Eva
Formato: Capítulo de libro
Lenguaje:inglés
Materias:
Etiquetas: Agregar Etiqueta
Sin Etiquetas, Sea el primero en etiquetar este registro!

MARC

LEADER 00000naa$a2200000$$$4500
001 0206146
005 20240502083516.4
041 0 |a eng 
044 |a CZ 
245 1 0 |a Dependence of Unemployment Change on Selected Economic Factors: Panel Data Evidence  |c Matúš Kubák, Lucia Bosáková, Miloš Fišar, Zuzana Hajduová, Eva Timurová 
610 2 0 |a Európska únia 
610 2 0 |a globalizácia 
610 2 0 |a OECD 
610 2 0 |a nezamestnanosť 
610 2 0 |a nezamestnaní 
610 2 0 |a miera nezamestnanosti 
610 2 0 |a modely 
100 1 |a Kubák, Matúš 
700 1 |a Bosáková, Lucia 
700 1 |a Fišar, Miloš 
700 1 |a Hajduová, Zuzana, 1974- 
700 1 |a Timurová, Eva